When he leaves: (Record no. 16002)

000 -LEADER
fixed length control field 00783nam a2200193 a 4500
001 - CONTROL NUMBER
control field :::00018598$&:&@@
003 - CONTROL NUMBER IDENTIFIER
control field OkBaRHE
005 - DATE AND TIME OF LATEST TRANSACTION
control field 20010213190257.0
008 - FIXED-LENGTH DATA ELEMENTS--GENERAL INFORMATION
fixed length control field s1998 j 000 0 eng u
040 ## - CATALOGING SOURCE
Transcribing agency
100 1# - MAIN ENTRY--PERSONAL NAME
Personal name West, Kari.
245 10 - TITLE STATEMENT
Title When he leaves:
Remainder of title choosing to live, love, and laugh again.
260 ## - PUBLICATION, DISTRIBUTION, ETC. (IMPRINT)
Place of publication, distribution, etc Colorado Springs, Colorado
Name of publisher, distributor, etc Chariot Victor Publishing
Date of publication, distribution, etc 1998
300 ## - PHYSICAL DESCRIPTION
Extent 255 p.
520 ## - SUMMARY, ETC.
Summary, etc Kari West and Noelle Quinn.
650 ## - SUBJECT ADDED ENTRY--TOPICAL TERM
Topical term or geographic name as entry element Divorced women
General subdivision Psychology. 2. Divorced women
-- Religious life. 3. Divorce
-- Psychological aspects. 4. Divorce
-- Religious aspects
-- Christianity. 5. Separation (Psychology)
942 ## - ADDED ENTRY ELEMENTS (KOHA)
Source of classification or shelving scheme
Koha item type Books
Copies
Koha item type Withdrawn status Permanent Location Source of classification or shelving scheme Price effective from Barcode Date last seen Shelving location Full call number Not for loan Lost status Date acquired Copy number Damaged status
Books RHEMA Bible Training College 2010-04-14185982010-04-14General StacksHQ 814 .W48  2010-04-141